Eurovision - Host Cities - Statistics

General Stats
  • This quiz has been taken 30 times
  • The average score is 41 of 65
Answer Stats
Year Host City Winner % Correct
2001 Copenhagen Estonia
75%
1981 Dublin United Kingdom
75%
1994 Dublin Ireland
75%
1995 Dublin Norway
75%
1997 Dublin United Kingdom
75%
1999 Jerusalem Sweden
75%
1984 Luxembourg Sweden
75%
1992 Malmo Ireland
75%
1978 Paris Israel
75%
2003 Riga Turkey
75%
1975 Stockholm Netherlands
75%
2000 Stockholm Denmark
75%
2002 Tallinn Latvia
75%
1986 Bergen Belgium
70%
1987 Brussels Ireland
70%
1985 Gothenburg Norway
70%
2004 Istanbul Ukraine
70%
1979 Jerusalem Israel (Netherlands)
70%
1968 London Spain
70%
1993 Millstreet Ireland
70%
1983 Munich Luxembourg
70%
1996 Oslo Ireland
70%
1991 Rome Sweden
70%
1964 Copenhagen Italy
65%
1971 Dublin Monaco (United Kingdom)
65%
1988 Dublin Switzerland
65%
2005 Kyiv Greece
65%
1977 London France
65%
1962 Luxembourg France (United Kingdom)
65%
1966 Luxembourg Austria
65%
1973 Luxembourg Luxembourg (United Kingdom)
65%
1969 Madrid Spain/U.K./Netherlands/France (Netherlands)
65%
2021 Rotterdam Italy
65%
1976 The Hague United Kingdom
65%
1980 The Hague Ireland
65%
1967 Vienna United Kingdom
65%
1990 Zagreb Italy
65%
1970 Amsterdam Ireland
60%
2006 Athens Finland
60%
2012 Baku Sweden
60%
2014 Copenhagen Austria
60%
2007 Helsinki Serbia
60%
2017 Kyiv Portugal
60%
2018 Lisbon Israel
60%
1963 London Denmark
60%
2013 Malmo Denmark
60%
2009 Moscow Norway
60%
1965 Naples Luxembourg
60%
2010 Oslo Germany
60%
2016 Stockholm Ukraine
60%
2019 Tel Aviv Netherlands
60%
2022 Turin -
60%
2015 Vienna Sweden
60%
2008 Belgrade Russia
55%
1998 Birmingham Israel
55%
2011 Dusseldorf Azerbaijan
55%
1957 Frankfurt Netherlands
55%
1989 Lausanne Yugoslavia
55%
1972 Edinburgh Luxembourg
50%
1959 Cannes Netherlands (United Kingdom)
45%
1960 London France
45%
1974 Brighton Sweden
40%
1961 Cannes Luxembourg
40%
1982 Harrogate Germany
35%
1958 Hilversum France
30%
No matching quizzes found
Score Distribution
Percent of People with Each Score
Percentile by Number Answered
Your Score History
You have not taken this quiz